000 00413nam a2200181Ia 4500
001 10026
005 20260306161801.0
008 260306t2008||||xx |||||||||||||| ||spa||
041 _aESP
082 _aPE 869.56
_bV32A
100 _aVargas Llosa, Mario
_eAUT
245 0 _aEl hablador
260 _c2008
300 _a269 páginas :
_c23 cm.
650 _aGEN
654 _aCHU
942 _cLIB
_dJUS
_fJUS
_2ddc
_n
999 _c10026
_d10026